Normal view MARC view
  • Ludhiana (India : District)

Entry Geographic Name

Number of records used in: 3

001 - CONTROL NUMBER

  • control field: 3674

003 - CONTROL NUMBER IDENTIFIER

  • control field: NUST

005 - DATE AND TIME OF LATEST TRANSACTION

  • control field: 20170731120537.0

008 - FIXED-LENGTH DATA ELEMENTS

  • fixed length control field: 170731|| aca||aabn | a|a d

040 ## - CATALOGING SOURCE

  • Original cataloging agency: NUST
  • Transcribing agency: NUST

151 ## - HEADING--GEOGRAPHIC NAME

  • Geographic name: Ludhiana (India : District)

670 ## - SOURCE DATA FOUND

  • Source citation: Work cat.: (NUST)0: Gazetteer of the Ludhiana district, 1888-89., 2001.
© 2023 Central Library, National University of Sciences and Technology. All Rights Reserved.